Á lódáil...
Njan Safiya: Safiya Hussaini Tungar Tudu
| Príomhúdar: | |
|---|---|
| Formáid: | Printed Book |
| Foilsithe: |
Samatha, Thrissur
2012
|
| Ábhair: |
| LEADER | 00447nam a2200157 4500 | ||
|---|---|---|---|
| 082 | |||
| 100 | |a Masto, Raffaele | ||
| 245 | |a Njan Safiya: Safiya Hussaini Tungar Tudu |c Masto, Raffaele | ||
| 250 | |||
| 260 | |a Samatha, Thrissur |c 2012 | ||
| 300 | |a 178 P | ||
| 490 | |||
| 650 | |a Biography--Safiya Hussaini Tungar Tudu--Malayalam books | ||
| 942 | |c BK | ||
| 999 | |c 189858 |d 189858 | ||
| 952 | |0 0 |1 0 |4 0 |7 0 |9 203207 |a ISL |b ISL |l 0 |p ISL04601 |r 2019-10-28 |w 2019-10-28 |y BK | ||